| 000 | 00563nam a2200205Ia 4500 | ||
|---|---|---|---|
| 003 | GCL | ||
| 008 | 140319s9999 xx 000 0 ara d | ||
| 040 |
_aGCL / _cGCL |
||
| 082 | 0 | 4 |
_a819.4 _bط ج |
| 100 | 1 | _aبديع حقى | |
| 245 | 1 | 0 |
_aجنى الثمار / _cبديع حقى |
| 700 | 1 | _aطاغور، رابندرانات | |
| 700 | 1 | _aمصطفى حبيب | |
| 300 | _a71 ص | ||
| 490 |
_aالالف كتاب _v0 |
||
| 650 | 0 | 4 | _aالادب |
| 650 | 0 | 4 | _aالادب الهندى |
| 650 | 0 | 4 | _aالشعر الهندى المترجم |
| 942 |
_2ddc _cBK |
||
| 999 |
_c49870 _d49870 |
||